Estabilidad de un talud sometido a un flujo transitorio de agua por vaciado rápido /
Se analiza el flujo transitorio de agua durante el vaciado rápido, de manera de ponderar durante este proceso la estabilidad de los taludes que limitan un embalse o una corriente de agua. El talud de aguas arriba de una presa, las laderas de un lago o los taludes de un canal están sometidos a las os...
Guardado en:
| Autor principal: | |
|---|---|
| Otros autores: | , |
| Formato: | Libro |
| Idioma: | Español |
| Colección: | (Series del Instituto de Ingeniería ;
625) |
| Temas: | |
| Etiquetas: |
Sin etiquetas, Sé el primero en etiquetar este registro!
|
MARC
| LEADER | 00000nam^a2200000^a^4500 | ||
|---|---|---|---|
| 001 | 000169229 | ||
| 005 | 20250521000000.0 | ||
| 009 | 20260310101228.967 | ||
| 022 | |a 0185-2345 | ||
| 037 | |a Acervo ITESO - Biblioteca | ||
| 041 | |a ESP | ||
| 082 | |a 627. 8 |b ALB | ||
| 100 | |a Alberro Aramburu, Jesús |e (autor) | ||
| 245 | 1 | 0 | |a Estabilidad de un talud sometido a un flujo transitorio de agua por vaciado rápido / |c J. Alberro Aramburu, R. Hernández Hernández, V. Levtchouk. |
| 264 | |a México : |b UNAM, Instituto de Ingeniería, |c 2001 | ||
| 300 | |a 41 p. | ||
| 336 | |a texto |b txt |2 rdacontenido | ||
| 337 | |a sin mediación |b n |2 rdamedio | ||
| 338 | |a volumen |b nc |2 rdasoporte | ||
| 440 | 1 | |a (Series del Instituto de Ingeniería ; |v 625) | |
| 520 | |a Se analiza el flujo transitorio de agua durante el vaciado rápido, de manera de ponderar durante este proceso la estabilidad de los taludes que limitan un embalse o una corriente de agua. El talud de aguas arriba de una presa, las laderas de un lago o los taludes de un canal están sometidos a las oscilaciones del agua embalsada. En particular el llamado vaciado rápido ha ocasionado, en ciertos casos, la falla de los taludes cuya estabilidad es afectada por la fuerzas de filtración que genera el flujo de agua hacia su cara. | ||
| 649 | |a XX | ||
| 650 | |a Corrientes de Fluidos | ||
| 650 | |a Taludes | ||
| 650 | |a Estabilidad | ||
| 650 | |a Presas | ||
| 650 | |a Hidrodinámica | ||
| 650 | |a Ingeniería Hidráulica | ||
| 650 | |a Ingeniería Civil | ||
| 700 | |a Hernández Hernández, Rogelio |e (autor) | ||
| 700 | |a Levtchouk, Vadim |e (autor) | ||
| 910 | |a Fondo General | ||
| 920 | |a Impresos - Libros | ||
| 930 | |a Colección General | ||
| 905 | |a 101 | ||
| 901 | |a 0500105778 |b IT1 |c ACC |u 20250521 | ||
| 902 | |a https://opac.biblio.iteso.mx/vufind/Record/000169229 | ||